Nekalé praktiky - pravidlá pre oznamovanie

Od 1. januára 2015 platí na Slovensku právna úprava, ktorá chráni oznamovateľov nekalých praktík . Ide o zákon č. 307/2014 Z. z. o niektorých opatreniach súvisiacich s oznamovaním protispoločenskej činnosti a o zmene a doplnení niektorých zákonov. Čo sa považuje za chránené oznamovanie (whistleblowi...

Ausführliche Beschreibung

Gespeichert in:
Bibliographische Detailangaben
1. Verfasser: Šukalová, Viera
Format: Buchkapitel
Sprache:Slowakisch
Schlagworte:
Tags: Tag hinzufügen
Keine Tags, Fügen Sie das erste Tag hinzu!

MARC

LEADER 00000naa a2200000 4500
001 0243894
005 20221216123335.9
041 0 |a slo 
044 |a SK 
245 1 0 |a Nekalé praktiky - pravidlá pre oznamovanie  |c Viera Šukalová 
520 |a Od 1. januára 2015 platí na Slovensku právna úprava, ktorá chráni oznamovateľov nekalých praktík . Ide o zákon č. 307/2014 Z. z. o niektorých opatreniach súvisiacich s oznamovaním protispoločenskej činnosti a o zmene a doplnení niektorých zákonov. Čo sa považuje za chránené oznamovanie (whistleblowing). Úloha inšpekcie práce pri oznamovaní nekalých praktík. 
610 2 0 |a oznamovanie chránené 
610 2 0 |a praktiky nekalé obchodné 
610 2 0 |a činy trestné 
610 2 0 |a morálka 
610 2 0 |a etika 
610 2 0 |a konflikt záujmov 
610 2 0 |a spravodlivosť 
610 2 0 |a pracovisko 
610 2 0 |a zamestnávatelia 
610 2 0 |a zamestnanci 
610 2 0 |a legislatíva 
100 1 |a Šukalová, Viera